| 000 | 00870nam a22001937a 4500 | ||
|---|---|---|---|
| 005 | 20230718115946.0 | ||
| 008 | 230718b |||||||| |||| 00| 0 eng d | ||
| 020 | _a0673990079 | ||
| 082 | _a150 | ||
| 100 | _aZimbardo, Philip G | ||
| 245 |
_aPsychology and life : _bZimbardo, Philip G.; Gerrig, Richard J. |
||
| 250 | _a14th ed. | ||
| 260 |
_aNY _bHarper Collins College Publishers _c1996 |
||
| 300 | _a 712 7 | ||
| 500 | _aInclude Index and References. | ||
| 650 | _aPsychology | ||
| 700 | _aZimbardo, Philip G | ||
| 999 |
_c26042 _d26042 |
||